Easy WW2 Quiz - Statistics

General Stats
  • This quiz has been taken 115 times
  • The average score is 8 of 10
Answer Stats
Question Answer % Correct
Germany was in... Axis Alliance
100%
What country nuked Japan? USA
100%
France surrendered at.. 1940
90%
What cities got nuked? Hiroshima&Nagasaki
90%
When Germany capitulated? 1945
80%
Leader of German Reich was.. Adolf Hitler
80%
What country started World War II? Germany
80%
What country was Germany's ally in Europe during World War II? Italy
70%
The first country, got annexed by German Reich. Austria
50%
What Country Got attacked by Germany first? Czechoslovakia
40%
No matching quizzes found
Score Distribution
Percent of People with Each Score
Percentile by Number Answered
Your Score History
You have not taken this quiz